Statistics for Countries That Contain P

Click here to take the quiz!

General Stats

  • This quiz has been taken 203 times
  • The average score is 13 of 22

Answer Stats

Answer% Correct
Portugal
87%
Peru
86%
Pakistan
83%
Panama
83%
Philippines
83%
Poland
83%
Paraguay
82%
Papua New Guinea
81%
Palau
75%
Japan
66%
Spain
62%
Egypt
48%
Nepal
46%
Singapore
45%
Cape Verde
41%
Dominican Republic
40%
Cyprus
38%
São Tomé And Príncipe
36%
Ethiopia
32%
Central African Republic
26%
Democratic Republic Of Congo
17%
Republic Of Congo
17%

Score Distribution

Percentile by Number Answered

Percent of People with Each Score

Your Score History

You have not taken this quiz